درجة استخدام معلمي الطلبة ذوي صعوبات التعلم للوسائل التعليمية والاحتياجات التدريبية اللازمة لهم = The Degree of the Teachers Of Students with Learning Disabilities Usage Of Educational Aids and the Training Needs Necessary For them / (Record no. 33438)
[ view plain ]
| 000 -LEADER | |
|---|---|
| fixed length control field | 01211nam a22002057a 4500 |
| 003 - CONTROL NUMBER IDENTIFIER | |
| control field | JO-AjAnu |
| 005 - DATE AND TIME OF LATEST TRANSACTION | |
| control field | 20240602103726.0 |
| 008 - FIXED-LENGTH DATA ELEMENTS--GENERAL INFORMATION | |
| fixed length control field | 240406b jo ||||| |||| 00| 0 ara d |
| 040 ## - CATALOGING SOURCE | |
| Original cataloging agency | JO-AjAnu |
| Transcribing agency | JO-AjAnu |
| 041 #0 - LANGUAGE CODE | |
| Language code of text/sound track or separate title | ara |
| 050 ## - LIBRARY OF CONGRESS CALL NUMBER | |
| Classification number | LB1043 |
| Item number | 2022 |
| 100 #1 - MAIN ENTRY--PERSONAL NAME | |
| Personal name | أبو حمامة، لارا علي عبد |
| 9 (RLIN) | 65327 |
| Relator term | معد |
| 245 #0 - TITLE STATEMENT | |
| Title | درجة استخدام معلمي الطلبة ذوي صعوبات التعلم للوسائل التعليمية والاحتياجات التدريبية اللازمة لهم = The Degree of the Teachers Of Students with Learning Disabilities Usage Of Educational Aids and the Training Needs Necessary For them / |
| Statement of responsibility, etc. | اعداد لارا علي عبد أبو حمامة ؛ اشراف فيصل عيسى النواصرة |
| 260 ## - PUBLICATION, DISTRIBUTION, ETC. | |
| Date of publication, distribution, etc. | 2022 |
| 300 ## - PHYSICAL DESCRIPTION | |
| Extent | 77ورقة |
| 500 ## - GENERAL NOTE | |
| General note | رسالة جامعية ( رسالة ماجستير ) - جامعة عجلون الوطنية (عجلون، الاردن)، كلية العلوم التربوية ، تخصص صعوبات التعلم،2022. |
| 650 70 - SUBJECT ADDED ENTRY--TOPICAL TERM | |
| Topical term or geographic name entry element | الرسائل التعليمية - المعوقون - تعليم |
| 9 (RLIN) | 65329 |
| 700 #1 - ADDED ENTRY--PERSONAL NAME | |
| Personal name | النواصرة، فيصل عيسى. |
| Relator term | مشرف |
| 9 (RLIN) | 65078 |
| 942 ## - ADDED ENTRY ELEMENTS (KOHA) | |
| Source of classification or shelving scheme | Library of Congress Classification |
| Koha item type | Thesis |
| Suppress in OPAC | No |
| Withdrawn status | Lost status | Source of classification or shelving scheme | Damaged status | Not for loan | Home library | Current library | Date acquired | Total Checkouts | Full call number | Barcode | Date last seen | Price effective from | Koha item type |
|---|---|---|---|---|---|---|---|---|---|---|---|---|---|
| Library of Congress Classification | مكتبة جامعة عجلون الوطنية | مكتبة جامعة عجلون الوطنية | 02/07/2024 | LB1043.2022 | A29282 | 06/04/2024 | 02/07/2024 | Thesis | |||||
| Library of Congress Classification | مكتبة جامعة عجلون الوطنية | مكتبة جامعة عجلون الوطنية | 02/07/2024 | LB1043.2022 | a29281 | 02/06/2024 | 02/07/2024 | Thesis |